| 000 | 00791nam a2200169Ia 4500 | ||
|---|---|---|---|
| 999 |
_c12336 _d12336 |
||
| 005 | 20240809160132.0 | ||
| 008 | 240808s9999 xx 000 0 und d | ||
| 040 |
_aUPAN _cBiblioteca San Vicente _eRCAA2 |
||
| 041 | _aspa | ||
| 082 |
_a370 _bPor _c2022 |
||
| 100 |
_aPortillo Diaz, Edgar Antonio _4aut. |
||
| 245 | 0 | _aAnálisis del denominado plan "Educacion Productiva" como estrategia de formación en habilidades laborales de los estudiantes del segundo y tercer año de bachillerato del Colegio Hispanoamérica, Municipio de Santa Tecla departamento de La Libertad, en el periodo de julio a noviembre de 2021 | |
| 260 |
_aSan Salvador: _bUniversidad Panamericana, _c2022 |
||
| 300 |
_a163 p.; _c28 cm. |
||
| 650 |
_2LEMB _aEstrategia de formación _xHabilidades laborales |
||
| 942 |
_cBK _2ddc |
||